Your body / (Record no. 1999)

MARC details
000 -LEADER
fixed length control field 00990cam a22003257a 4500
001 - CONTROL NUMBER
control field 1999
003 - CONTROL NUMBER IDENTIFIER
control field FISKH
005 - DATE AND TIME OF LATEST TRANSACTION
control field 20231025124358.0
008 - FIXED-LENGTH DATA ELEMENTS--GENERAL INFORMATION
fixed length control field 060612s2005 nyua 000 0 eng
010 ## - LIBRARY OF CONGRESS CONTROL NUMBER
LC control number 2006276782
020 ## - INTERNATIONAL STANDARD BOOK NUMBER
International Standard Book Number 0439773636 (pbk.)
020 ## - INTERNATIONAL STANDARD BOOK NUMBER
International Standard Book Number 9780439773638
040 ## - CATALOGING SOURCE
Original cataloging agency DLC
Transcribing agency DLC
Modifying agency DLC
Language of cataloging eng
050 00 - LIBRARY OF CONGRESS CALL NUMBER
Classification number MLCS 2006/11603 (Q)
082 ## - DEWEY DECIMAL CLASSIFICATION NUMBER
Classification number 612
100 1# - MAIN ENTRY--PERSONAL NAME
Personal name Berger, Melvin.
245 10 - TITLE STATEMENT
Title Your body /
Statement of responsibility, etc. Melvin and Gilda Berger.
260 ## - PUBLICATION, DISTRIBUTION, ETC.
Place of publication, distribution, etc. New York :
Name of publisher, distributor, etc. Scholastic,
Date of publication, distribution, etc. 2005.
300 ## - PHYSICAL DESCRIPTION
Extent 16 unnumbered pages :
Other physical details color illustrations ;
Dimensions 18 × 21 cm
490 1# - SERIES STATEMENT
Series statement Scholastic readers. Time-to-discover
505 ## - FORMATTED CONTENTS NOTE
Formatted contents note G
520 ## - SUMMARY, ETC.
Summary, etc. Your body has bones, muscles, and brain.
521 8# - TARGET AUDIENCE NOTE
Target audience note 350<br/>
Source Lexile<br/>
521 8# - TARGET AUDIENCE NOTE
Target audience note G<br/>
Source Raz-Plus<br/>
650 ## - SUBJECT ADDED ENTRY--TOPICAL TERM
Topical term or geographic name entry element Body
Form subdivision Non fiction
700 1# - ADDED ENTRY--PERSONAL NAME
Personal name Berger, Gilda.
Relator term Author
906 ## - LOCAL DATA ELEMENT F, LDF (RLIN)
a 7
b cbc
c orignew
d 2
e ncip
f 20
g y-gencatlg
942 ## - ADDED ENTRY ELEMENTS (KOHA)
Source of classification or shelving scheme Dewey Decimal Classification
Koha item type Books
Suppress in OPAC No
Holdings
Withdrawn status Lost status Source of classification or shelving scheme Damaged status Not for loan Collection Home library Current library Shelving location Date acquired Total Checkouts Full call number Barcode Date last seen Price effective from Koha item type
    Dewey Decimal Classification     Non-Fiction Footprints International School Library Network Toul Kork Campus Footprints International School Library Network Toul Kork Campus TK Primary Library Room(4th Floor), Bookcase 7, Shelves 57-60, Dark Green Books 10/25/2023   GER 612 PZ7 FISBK05136 10/25/2023 10/25/2023 Books